Stay Down - boygenius (Lyrics) - Statistics

General Stats
  • This quiz has been taken 42 times
  • The average score is 134 of 157
Answer Stats
Answer % Correct
stay
100%
a
96%
do
96%
down
96%
I
96%
I?
96%
I'm
96%
in
96%
me
96%
So
96%
so
96%
the
96%
and
92%
And
92%
as
92%
I'll
92%
into
92%
it
92%
It
92%
just
92%
to
92%
you
92%
come
88%
for
88%
had
88%
like
88%
my
88%
one
88%
Push
88%
under
88%
when
88%
again
84%
aren't
84%
Aren't
84%
back
84%
It's
84%
it's
84%
never
84%
of
84%
they
84%
up
84%
water
84%
would
84%
bad
80%
constantly
80%
difficult
80%
don't
80%
leave
80%
life
80%
mind?
80%
sinner
80%
teach
80%
There
80%
told
80%
at
76%
better
76%
different
76%
game
76%
hurt
76%
lean
76%
learn
76%
look
76%
punch
76%
seat
76%
'til
76%
video
76%
villain
76%
Wasn't
76%
your
76%
body
72%
name
72%
Similar
72%
somebody
72%
steerin'
72%
were
72%
cheek
68%
fighter
68%
hold
68%
slow
68%
turnin'
68%
no
64%
screen
64%
settle
64%
finally
60%
long
60%
repenting
60%
takes
60%
accent
56%
fallout
56%
half
56%
around
52%
else
52%
there's
48%
'Cause
24%
No matching quizzes found
Score Distribution
Percent of People with Each Score
Percentile by Number Answered
Your Score History
You have not taken this quiz